Fundamentals of nursing : (Record no. 7828)
[ view plain ]
| 000 -LEADER | |
|---|---|
| fixed length control field | 01550cam a2200265 i 4500 |
| 001 - CONTROL NUMBER | |
| control field | 18104687 |
| 005 - DATE AND TIME OF LATEST TRANSACTION | |
| control field | 20251027192019.0 |
| 008 - FIXED-LENGTH DATA ELEMENTS--GENERAL INFORMATION | |
| fixed length control field | 140402s2015 pau b 001 0 eng |
| 020 ## - INTERNATIONAL STANDARD BOOK NUMBER | |
| International Standard Book Number | 9781451185614 |
| Qualifying information | alk. paper |
| 050 00 - LIBRARY OF CONGRESS CALL NUMBER | |
| Classification number | RT41 |
| Item number | .T396 2015 |
| 082 00 - DEWEY DECIMAL CLASSIFICATION NUMBER | |
| Classification number | 610.73 |
| Edition information | 23 |
| 100 1# - MAIN ENTRY--PERSONAL NAME | |
| Personal name | Taylor, Carol |
| Fuller form of name | (Carol R.), |
| Relator term | author. |
| 245 10 - TITLE STATEMENT | |
| Title | Fundamentals of nursing : |
| Remainder of title | the art and science of person-centered nursing care / |
| Statement of responsibility, etc. | Carol Taylor, PhD, MSN, RN, Professor of Nursing, Georgetown University School of Nursing and Health Studies, Washington, DC, Carol Lillis, MSN, RN, Faculty Emerita, Delaware County Community College, Media, Pennsylvania, Pamela Lynn, MSN, RN, Instructor, Gwynedd Mercy University, Frances M. Maguire School of Nursing and Health Professions, Gwynedd Valley, Pennsylvania, Priscilla LeMone, DSN, RN, FAAN, Associate Professor Emerita, University of Missouri Sinclair School of Nursing, Columbia, Missouri, Adjunct Associate Professor, The Ohio State University College of Nursing, Columbus, Ohio. |
| 250 ## - EDITION STATEMENT | |
| Edition statement | Eighth edition. |
| 260 ## - PUBLICATION, DISTRIBUTION, ETC. | |
| Place of publication, distribution, etc. | Philadelphia |
| Name of publisher, distributor, etc. | Wolters Kluwer |
| Date of publication, distribution, etc. | 2015 |
| 300 ## - PHYSICAL DESCRIPTION | |
| Extent | xxxii, 1784 pages : |
| Other physical details | illustrations (chiefly color) ; |
| Dimensions | 28 cm |
| 500 ## - GENERAL NOTE | |
| General note | Preceded by Fundamentals of nursing / Carol R. Taylor ... [et al.]. 7th ed. c2011. |
| 650 12 - SUBJECT ADDED ENTRY--TOPICAL TERM | |
| Topical term or geographic name entry element | Nursing Care. |
| 650 22 - SUBJECT ADDED ENTRY--TOPICAL TERM | |
| Topical term or geographic name entry element | Nursing Process. |
| 650 22 - SUBJECT ADDED ENTRY--TOPICAL TERM | |
| Topical term or geographic name entry element | Patient-Centered Care. |
| 700 1# - ADDED ENTRY--PERSONAL NAME | |
| Personal name | Lillis, Carol, |
| Relator term | author. |
| 700 1# - ADDED ENTRY--PERSONAL NAME | |
| Personal name | Lynn, Pamela |
| Fuller form of name | (Pamela Barbara), |
| Dates associated with a name | 1961- |
| Relator term | author. |
| 700 1# - ADDED ENTRY--PERSONAL NAME | |
| Personal name | LeMone, Priscilla, |
| Relator term | author. |
| 942 ## - ADDED ENTRY ELEMENTS (KOHA) | |
| Source of classification or shelving scheme | Library of Congress Classification |
| Koha item type | Books |
| Edition | 8th ed. |
| Suppress in OPAC | No |
| 999 ## - | |
| -- | 7828 |
| -- | 7828 |
| Withdrawn status | Lost status | Source of classification or shelving scheme | Damaged status | Not for loan | Collection | Home library | Current library | Shelving location | Date acquired | Total checkouts | Full call number | Barcode | Date last seen | Copy number | Price effective from | Koha item type |
|---|---|---|---|---|---|---|---|---|---|---|---|---|---|---|---|---|
| Library of Congress Classification | Non-fiction | Science Library (Miotso) | Science Library (Miotso) | General stacks | 09/25/2025 | RT41 .T396 FUN | SLM00004611 | 10/27/2025 | 1 | 10/27/2025 | Books |